Catalog

Record Details

Catalog Search



Die Magie : aus der Sicht der Seelsorge Cover Image Book Book

Die Magie : aus der Sicht der Seelsorge Kurt E. Koch

Koch, Kurt E. (Author).

Record details

  • Physical Description: 47 S.
  • Edition: 4. Aufl.
  • Publisher: Berghausen bei Karlsruhe Evangelisationsverlag /197-?/

Available copies

  • 1 of 1 copy available at Common Catalog SPOK.

Holds

  • 0 current holds with 1 total copy.
Show All Copies
Location Call Number / Copy Notes Barcode Shelving Location Status Due Date
ETS Library 261.513 424470008799 Volný výběr Available -

LDR 00664nam a2 00241
00137525
003CZ-PrJAB
00520040324000000.0
008010207s1800 xr e |||| |ger
009ge
035 . ‡a(CONS)5555
035 . ‡aKPS8050
040 . ‡aABG450
041 . ‡ager
08214. ‡a261.513
100 . ‡71076 ‡aKoch, Kurt E.
245 . ‡aDie Magie : ‡baus der Sicht der Seelsorge ‡cKurt E. Koch
250 . ‡a4. Aufl.
260 . ‡aBerghausen bei Karlsruhe ‡bEvangelisationsverlag ‡c/197-?/
300 . ‡a47 S.
653 . ‡aDie Magie ‡aaus der Sicht der Seelsorge
8524 . ‡bETS ‡bETS ‡cVolný výběr ‡j261.513 ‡gA ‡p424470008799
910 . ‡aABG450
999 . ‡a5555 ‡bAUTOGEN ‡c5555 ‡tbiblio
905 . ‡uadmin
901 . ‡a37525 ‡b ‡c37525 ‡tbiblio ‡sets

Additional Resources